| 000 | 00000nam##2200000za#4500 |
| 001 | 9.649749 |
| 003 | CaOODSP |
| 005 | 20210615113917 |
| 007 | ta |
| 008 | 150407|2005||||xxc||||| f|0| 0 eng|d |
| 020 | |a0-662-40758-X |
| 040 | |aCaOODSP|beng |
| 043 | |an-cn--- |
| 086 | 1 |aR64-316/2005E |
| 110 | 1 |aCanada.|bParks Canada. |bNational Historic Sites of Canada. |
| 245 | 10|aFort Walsh National Historic Site of Canada : |bmanagement plan |
| 260 | |aWinnipeg - Manitoba : |bParks Canada. |c2005. |
| 300 | |avi, 33p. : |bfigs., table, photographs ; |c22 cm. |
| 563 | |aSpiral binding |
| 590 | |a05-26|b2005-06-30 |
| 690 | 07|aManagement|2gcpds |
| 690 | 07|aPlanning|2gcpds |
| 690 | 07|aHistoric sites|2gcpds |
| 775 | 08|tLieu historique national du Canada du Fort-Walsh : |w(CaOODSP)9.682906 |
| 776 | 0#|tFort Walsh National Historic Site of Canada |w(CaOODSP)9.822492 |